00925nam a2200205 a 450000100100000000500170001000800410002704000250006808200160009311000720010924500500018126000370023130000200026849000720028870000320036083000760039295201140046895201200058299900170070200002993520200930055924.0110415s2001 dr 000 0 spa d aDO-SdBNPbspacBNPHU axxxbC3978s2 aCentro Nacional de Investigaciones en Salud Materno Infantil95575710aCromosomopatías /ceditora Hugo R. Mendoza. aSanto Domingo :bCENISMI,c2001. a28 p. ;c28 cm.1 aInvestigaciones clínicasaEstudiso aplicados a la clínicavv. 21 aMendoza, Hugo R.eed.96390 0aInvestigaciones clínicaspEstudiso aplicados a la clínicav2956677 0010718PDaPDbPDcCTd2011-04-27iLF1l0oxxx C3978sp29935-10r2020-06-25w2020-06-25yLFPDZNo se presta 0010718PDaPDbPDcCTd2011-04-27iLF1l0oxxx C3978sp29935-20r2020-06-25te. 2w2020-06-25yLFPDZNo se presta c29427d29427